Atlas histórico mundial: de los orígenes a nuestros días
Guardat en:
| Autors principals: | , , |
|---|---|
| Format: | Llibre |
| Idioma: | espanyol |
| Publicat: |
Madrid
Akal
2007
|
| Edició: | 22a. ed |
| Col·lecció: | Akal-Atlas
|
| Matèries: | |
| Etiquetes: |
Afegir etiqueta
Sense etiquetes, Sigues el primer a etiquetar aquest registre!
|
MARC
| LEADER | 00000nam a2200000 a 4500 | ||
|---|---|---|---|
| 001 | UCI9144 | ||
| 003 | CL-VaPUC | ||
| 008 | 081024e20070000SP |||||||||||||||||spa|d | ||
| 020 | |a 9788446028383 | ||
| 082 | 0 | 4 | |a 911 |b KIN |2 21 |
| 100 | |a Kinder, Hermann |e author |9 574636 | ||
| 700 | 0 | |a Hilgemann, Werner |e author |9 532756 | |
| 700 | 0 | |a Hergt, Manfred |e author |9 532757 | |
| 245 | 1 | 0 | |a Atlas histórico mundial: de los orígenes a nuestros días |
| 250 | |a 22a. ed | ||
| 300 | |a 701 p | ||
| 942 | |c BK | ||
| 945 | |d 20081024 00:00:00 |a jtorresc | ||
| 260 | |a Madrid |b Akal |c 2007 | ||
| 650 | 0 | |a Geografía |9 259346 | |
| 650 | 0 | |a Atlas |9 260843 | |
| 650 | 0 | |a Historia |9 255047 | |
| 650 | 0 | |a Mapas |9 260844 | |
| 583 | |a last modification |c 20081024 00:00:00 |k Rodrigo Vera | ||
| 490 | 0 | |a Akal-Atlas | |
| 999 | |c 331754 |d 331752 | ||
| 952 | |0 0 |1 0 |4 0 |6 911_000000000000000_KIN_2007 |7 0 |8 X |9 418832 |a BIBHIS |b BIBHIS |d 2019-11-22 |i 4492390 |l 6 |o 911 KIN 2007 |p 4492390 |r 2024-01-30 |s 2024-01-17 |w 2019-11-22 |y BK_X |k HIS | ||